සම්භාෂා

Saved in:
Bibliographic Details
Format: Book
Published: අධ්‍යාපන අමාත්‍යංශය ; පිරිවෙන් අධ්‍යාපන ශාඛාවේ
Subjects:
300
Tags: Add Tag
No Tags, Be the first to tag this record!

MARC

LEADER 00000nam a22000007a 4500
005 20220401090656.0
041 |a SIN 
082 |a 370 
245 |a සම්භාෂා  
260 |a අධ්‍යාපන අමාත්‍යංශය ; පිරිවෙන් අධ්‍යාපන ශාඛාවේ  
300 |a 1096;  |b සෙ.මී.21, 
650 |a 300 
942 |2 ddc  |c LBK 
999 |c 52788  |d 52788